000 00374nam a2200145Ia 4500
005 20260328104328.0
008 260328s9999||||xx |||||||||||||| ||und||
100 _aLang, Robert
245 0 _aMore shop Drawings for Craftsman Furniture /
_cRobert Lang
250 _a5a ed.
260 _bCambium Press
300 _a144 p.
650 _aMEDIDAS Y DIMENSIONES
942 _cBK
999 _c11619
_d11619